Annual Report on Exchange Arrangements and Exchange Restrictions 1969.

This paper highlights the period under review was characterized by an unusually rapid increase in world trade and stresses on the international payments system. After a downturn in the rate of expansion of world trade in 1967, there was a sharp rise in the rate of growth in 1968. There was less emph...

Szczegółowa specyfikacja

Opis bibliograficzny
Korporacja: International Monetary Fund. External Relations Dept
Format: Czasopismo
Język:English
Wydane: Washington, D.C. : International Monetary Fund, 1969.
Seria:Annual Report on Exchange Arrangements and Exchange Restrictions
Dostęp online:Full text available on IMF
LEADER 02114cas a2200241 a 4500
001 AALejournalIMF017496
008 230101c9999 xx r poo 0 0eng d
020 |c 50.00 USD 
020 |z 9781475584943 
022 |a 0250-7366 
040 |a BD-DhAAL  |c BD-DhAAL 
110 2 |a International Monetary Fund.  |b External Relations Dept. 
245 1 0 |a Annual Report on Exchange Arrangements and Exchange Restrictions 1969. 
264 1 |a Washington, D.C. :  |b International Monetary Fund,  |c 1969. 
300 |a 1 online resource (550 pages) 
490 1 |a Annual Report on Exchange Arrangements and Exchange Restrictions 
500 |a <strong>Off-Campus Access:</strong> No User ID or Password Required 
500 |a <strong>On-Campus Access:</strong> No User ID or Password Required 
506 |a Electronic access restricted to authorized BRAC University faculty, staff and students 
520 3 |a This paper highlights the period under review was characterized by an unusually rapid increase in world trade and stresses on the international payments system. After a downturn in the rate of expansion of world trade in 1967, there was a sharp rise in the rate of growth in 1968. There was less emphasis on restrictions on current transactions, the main reliance being placed on capital controls in the efforts of the major trading countries to restore their balance of payments position. The area in which certain countries felt obliged to exercise control over current payments was the provision of exchange for travel expenditure, partly to prevent evasion of the capital controls. Several countries made important changes in their exchange and trade systems during the year tending toward liberalization of their restrictions. However, more restrictive import policies were adopted in other countries, which generally have a more important share in world trade. 
538 |a Mode of access: Internet 
830 0 |a Annual Report on Exchange Arrangements and Exchange Restrictions 
856 4 0 |z Full text available on IMF  |u http://elibrary.imf.org/view/books/012/24119-9781475584943-en/24119-9781475584943-en-book.xml  |z IMF e-Library